| 000 | 00530nam a2200181Ia 4500 | ||
|---|---|---|---|
| 005 | 20250326144258.0 | ||
| 008 | 250326s9999 xx 000 0 und d | ||
| 037 | _aTextbook | ||
| 040 |
_aFMSL _beng _cFMSL |
||
| 041 |
_aeng _2eng |
||
| 084 |
_aX:8 P8;1 _qFMSL |
||
| 100 |
_aGalavan R _9749065 |
||
| 245 | 0 |
_aStrategy, innovation and change : Challenges for management _cGalavan R And Others |
|
| 260 |
_aNew Delhi _bNew Delhi, Oxford _c2008 |
||
| 365 | _b995 | ||
| 942 |
_cTB _hX:8 P8;1 |
||
| 999 |
_c1303110 _d1303110 |
||